Вып. 9 : Вопросы обработки и передачи сигналов; Радиоэлектроника и электросвязь

Detaylı Bibliyografya
Parent link:Радиоэлектроника и электросвязь: сборник научных работ/ Рижский политехнический институт (РПИ). Вып. 9 : Вопросы обработки и передачи сигналов.— , 1973-1992
Dil:Rusça
Baskı/Yayın Bilgisi: 1982
Konular:
Materyal Türü: Kitap
KOHA link:https://koha.lib.tpu.ru/cgi-bin/koha/opac-detail.pl?biblionumber=299424

MARC

LEADER 00000nam2a2200000 4500
001 299424
005 20231102001212.0
020 |a RU  |b 82-92355 
035 |a (RuTPU)RU\TPU\book\324576 
090 |a 299424 
100 |a 20150629d1982 k y0rusy5003 ca 
101 0 |a rus 
102 |a LV 
105 |a a z 001zy 
200 0 |a Вып. 9 : Вопросы обработки и передачи сигналов 
210 |d 1982 
215 |a 132 с.  |c ил. 
320 |a Библиография в конце статей 
461 1 |0 (RuTPU)RU\TPU\book\335472  |t Радиоэлектроника и электросвязь  |o сборник научных работ  |f Рижский политехнический институт (РПИ)  |v Вып. 9 : Вопросы обработки и передачи сигналов  |d 1973-1992 
606 1 |a Радиоэлектроника  |2 stltpush  |3 (RuTPU)RU\TPU\subj\69507  |9 84342 
606 1 |a Электросвязь  |2 stltpush  |3 (RuTPU)RU\TPU\subj\20831  |9 45905 
610 1 |a радиотехника 
610 1 |a электрические сигналы 
610 1 |a обработка 
610 1 |a передача 
610 1 |a дельта-сигма модуляция 
610 1 |a спектры 
610 1 |a линейные преобразования 
610 1 |a погрешности 
610 1 |a электрические схемы 
610 1 |a расчет 
610 1 |a перестраиваемые фильтры 
610 1 |a синтез 
675 |a 621.37/.39  |v 4 
675 |a 621.39  |v 4 
801 0 |a RU  |b RuMRKP  |c 19950704  |g psbo 
801 1 |a RU  |b 63413507  |c 20150629 
801 2 |a RU  |b 63413507  |c 20180531  |g RCR 
942 |c BK